Lược sử nhân học Brève histoire de l' anthropologie
محفوظ في:
| المؤلف الرئيسي: | |
|---|---|
| مؤلفون آخرون: | |
| التنسيق: | كتاب |
| منشور في: |
Hà Nội
Đại học sư phạm
2018
|
| الموضوعات: | |
| الوسوم: |
إضافة وسم
لا توجد وسوم, كن أول من يضع وسما على هذه التسجيلة!
|
| Thư viện lưu trữ: | Trung tâm Học liệu Lê Vũ Hùng, Trường Đại học Đồng Tháp |
|---|
| LEADER | 00850pam a22002658a 4500 | ||
|---|---|---|---|
| 001 | 00041738 | ||
| 005 | 20180710090708.0 | ||
| 008 | 110629s2004 ||||||Viesd | ||
| 020 | # | # | |a 9786045441107 |
| 041 | 0 | # | |a Vie |
| 082 | 1 | 4 | |a 301 |b L557S |
| 100 | 1 | # | |a Weber, Florence |
| 245 | 0 | 0 | |a Lược sử nhân học |c Florence Weber; Phạm Anh Tuấn (dịch) |b Brève histoire de l' anthropologie |
| 260 | # | # | |a Hà Nội |b Đại học sư phạm |c 2018 |
| 300 | # | # | |a 343 tr. |c 24 cm. |
| 653 | # | # | |a Con người |
| 653 | # | # | |a Xã hội |
| 653 | # | # | |a Văn hóa |
| 653 | # | # | |a Lược sử |
| 653 | # | # | |a Nghiên cứu |
| 653 | # | # | |a Nhân học |
| 700 | 1 | # | |a Phạm, Anh Tuấn |e Dịch |
| 852 | # | # | |j KD.0023897 |
| 910 | |d 10/07/2018 | ||
| 980 | # | # | |a Trung tâm Học liệu Lê Vũ Hùng, Trường Đại học Đồng Tháp |


